000 00378nam a2200157Ia 4500
003 LK-CoDNM
008 010623t xxu||||| |||| 00| 1 eng d
040 _aLK-CoDNM
_dLK-CoDNM
_eLK-CoDNM
041 _aeng
080 _a(x)783.6 CHU
245 _aChristmas carols
260 _bChurch of the holy trinity
_aNuwara Eliya
300 _b16, 21 cm
650 _aMusic
942 _cBK
999 _c134022
_d134022